000 00529nmm a2200157Ia 4500
008 251105s9999||||xx |||||||||||||||||und||
020 _a9789588371610
041 _aspa
100 _aGrupo editorial Nueva Legislación LTDA.
245 0 _aP.U.C. Plan Único de Cuentas para Comerciantes 2011 :
_b Decretos 2649-2650-Ley 43
264 _a[Bogotá, Colombia] :
_bNueva Legislacion,
_c2011
300 _a340 páginas
650 _aEconomics and Business
856 _uhttps://public.digitaliapublishing.com/a/13610
942 _cCF
999 _c96585
_d96585